Z tvorby Š. Hapáka Prešov - Dielo - Staré kolégium : jún 1957

Bibliographic Details
Main Author: Pichonský, Jozef, 1909-1971 (Author)
Format: Book
Language:Slovak
PhysicalDescription:24 s. ilustr. 20x21 cm
Published: Prešov Sväz slovenských výtvarných umelcov 1957
Subjects:

MARC

LEADER 00000nam a2200000 a 4500
001 vtls001287595
003 SK-MaSNL
005 20260301113450.0
008 251124s1957 xo a bc 00000 slo
020 |c 10,00 
035 |a SNK000239176 
040 |a SNK  |b slo  |c SNK  |e AACR2 
044 |a xo  |c SK 
080 |a 929 Hapák, Š.  |2 1981 
080 |a 75(437.6)(091) Hapák, Š.  |2 1981 
245 1 |a Z tvorby Š. Hapáka  |b Prešov - Dielo - Staré kolégium : jún 1957  |c [text Jozef Pichonský] 
260 |a Prešov  |b Sväz slovenských výtvarných umelcov  |c 1957  |e Košice  |f Košické tlačiarne 
300 |a 24 s.  |b ilustr.  |c 20x21 cm 
600 1 7 |a Hapák, Štefan,  |d 1921-1997  |2 SNK  |9 114330 
655 7 |a katalógy  |2 SNK  |9 60821 
700 1 |a Pichonský, Jozef,  |d 1909-1971  |4 aut  |9 10744 
958 |a OND 
999 |c 714321  |d 716251 
952 |t P60, <03>, [BOOK], {603}  |a SNK  |b SNK  |y PREZ  |7 0  |p 17A0069967  |o snkOSD 7913  |i snkK 435/97  |0 0  |1 0  |4 0  |d 1997-05-20  |l 0  |r 2005-01-02 00:00:00  |w 2026-02-23